[Event "IV Festival A"]
[Site "Lido degli Estensi - Comacchio ITA"]
[Date "2003.06.07"]
[Round "2"]
[White "Contin, Daniel"]
[Black "Lazic, Miroljub"]
[Result "0-1"]
[WhiteElo "2340"]
[BlackElo "2508"]
[PlyCount "156"]
[EventDate "2003.06.06"]

1. c4 e6 2. e4 d5 3. exd5 exd5 4. d4 Nf6 5. Nc3 Be7 6. cxd5 O-O 7. Bd3 Nbd7 8.
Nf3 Nb6 9. O-O Nbxd5 10. h3 h6 11. Re1 Be6 12. Bd2 Re8 13. Rxe6 fxe6 14. Bg6
Rf8 15. Qe2 Qd6 16. Re1 a6 17. Bb1 Rae8 18. Ne5 Nxc3 19. bxc3 Bd8 20. Qd3 Re7
21. Ng6 Ref7 22. Bf4 Qd7 23. Nxf8 Kxf8 24. Be5 Ng8 25. Bg3 Bf6 26. Bc2 Ne7 27.
Bb3 Nd5 28. Qh7 b5 29. Qh8+ Ke7 30. Qa8 c6 31. Qxa6 Bg5 32. Re2 Bf4 33. a4 Bxg3
34. fxg3 bxa4 35. Qxa4 Qd6 36. Qa7+ Kf8 37. Qa8+ Ke7 38. Qb7+ Kf8 39. Qc8+ Ke7
40. Re5 Rf6 41. Kh2 Kf7 42. Bxd5 cxd5 43. h4 Qf8 44. Qxf8+ Kxf8 45. g4 Kf7 46.
Kg3 Rf1 47. Re3 Rc1 48. Rf3+ Kg6 49. h5+ Kg5 50. Re3 Rc2 51. Kf3 Rc1 52. Re5+
Kf6 53. g5+ hxg5 54. Re3 Rh1 55. g4 Rh3+ 56. Kf2 Rxe3 57. Kxe3 e5 58. Kd3 e4+
59. Ke3 Ke6 60. Kd2 Kd6 61. Ke3 Kc6 62. c4 dxc4 63. Kxe4 Kd6 64. d5 c3 65. Kd3
Kxd5 66. Kxc3 Ke4 67. Kd2 Kf4 68. Ke2 Kxg4 69. Kf2 Kxh5 70. Kg3 g4 71. Kg2 g3
72. Kg1 Kg4 73. Kh1 Kf3 74. Kg1 g2 75. Kh2 Kf2 76. Kh3 g1=Q 77. Kh4 Kf3 78. Kh3
Qg3# 0-1

[Event "IV Festival A"]
[Site "Lido degli Estensi - Comacchio ITA"]
[Date "2003.06.07"]
[Round "2"]
[White "Felgaer Ziegler, Ruben"]
[Black "Papa, Angelo"]
[Result "1-0"]
[WhiteElo "2547"]
[BlackElo "1692"]
[PlyCount "59"]
[EventDate "2003.06.06"]

1. e4 d6 2. d4 Nf6 3. Nc3 c6 4. f4 Qa5 5. Bd3 e5 6. dxe5 dxe5 7. f5 b5 8. Nf3
Nbd7 9. Qe2 Bb7 10. Bd2 b4 11. Nd1 Qc7 12. Ne3 Bc5 13. Nc4 O-O 14. O-O-O a5 15.
Kb1 Ba6 16. Ncxe5 Nxe5 17. Bxa6 Bd6 18. Bf4 Rfe8 19. Rxd6 Qxd6 20. Rd1 Qc5 21.
Nxe5 Rxe5 22. Bxe5 Qxe5 23. Bb7 Rb8 24. Bxc6 a4 25. Bxa4 Nxe4 26. Re1 Rd8 27.
Bc6 Nc3+ 28. bxc3 Qxe2 29. Rxe2 bxc3 30. Re8+ 1-0

[Event "IV Festival A"]
[Site "Lido degli Estensi - Comacchio ITA"]
[Date "2003.06.07"]
[Round "2"]
[White "Grigore, Nicolae Petre"]
[Black "Golod, Vitali"]
[Result "0-1"]
[WhiteElo "2370"]
[BlackElo "2538"]
[PlyCount "108"]
[EventDate "2003.06.06"]

1. e4 c5 2. Nf3 d6 3. d4 cxd4 4. Nxd4 Nf6 5. Nc3 a6 6. Bc4 e6 7. Bb3 b5 8. O-O
Be7 9. Qf3 Qc7 10. Qg3 O-O 11. Bh6 Ne8 12. Rad1 Bd7 13. h4 Kh8 14. Bg5 Nc6 15.
Bxe7 Nxe7 16. a3 e5 17. Nde2 Rb8 18. Qd3 a5 19. Nd5 Nxd5 20. Bxd5 f5 21. exf5
Bxf5 22. Be4 Bxe4 23. Qxe4 Nf6 24. Qd3 d5 25. c3 b4 26. axb4 axb4 27. Ra1 bxc3
28. bxc3 Qc5 29. Ng3 Rb3 30. Rac1 Rc8 31. Qf5 Rxc3 32. Ne2 Rc4 33. h5 h6 34.
Rb1 Qe7 35. Rb6 R4c6 36. Rfb1 Ng8 37. Rb7 Qf6 38. Qd3 Rc2 39. R7b6 Qf7 40. Rg6
Ne7 41. Rb7 R2c7 42. Rxc7 Rxc7 43. Rd6 e4 44. Qg3 Rc8 45. Rd7 Qe6 46. Ra7 Nf5
47. Qg4 e3 48. f3 Qe5 49. f4 Qe6 50. Kh2 Rg8 51. Ra5 Qf7 52. Ng1 Nd4 53. g3 Re8
54. f5 e2 0-1

[Event "IV Festival A"]
[Site "Lido degli Estensi - Comacchio ITA"]
[Date "2003.06.07"]
[Round "2"]
[White "Kogan, Artur"]
[Black "Tomba, Ivan"]
[Result "1-0"]
[WhiteElo "2539"]
[BlackElo "2131"]
[PlyCount "36"]
[EventDate "2003.06.06"]

1. e4 c5 2. Nf3 d6 3. Nc3 Nf6 4. g3 e6 5. Bg2 Be7 6. O-O O-O 7. d4 cxd4 8. Nxd4
a6 9. a4 Nc6 10. Nb3 Rb8 11. a5 b5 12. axb6 Qxb6 13. Be3 Qc7 14. f4 Rd8 15. Qe2
Nb4 16. h3 e5 17. Na5 Nc6 18. Qc4 Bd7 1-0

[Event "IV Festival A"]
[Site "Lido degli Estensi - Comacchio ITA"]
[Date "2003.06.07"]
[Round "2"]
[White "Mantovani, Renzo"]
[Black "Timoscenko, Gennadij A."]
[Result "1/2-1/2"]
[WhiteElo "2353"]
[BlackElo "2533"]
[PlyCount "42"]
[EventDate "2003.06.06"]

1. c4 g6 2. g3 Bg7 3. Bg2 d6 4. Nc3 Nf6 5. Nf3 O-O 6. O-O Nc6 7. d3 a6 8. Rb1
Rb8 9. Nd5 b5 10. Nxf6+ Bxf6 11. Bh6 Re8 12. Ng5 Nd4 13. e4 bxc4 14. dxc4 Ne6
15. Nxe6 Bxe6 16. b3 c5 17. Bd2 Bd7 18. h4 h5 19. Kh2 Bd4 20. Bh3 Bxh3 21. Kxh3
Qd7+ 1/2-1/2

[Event "IV Festival A"]
[Site "Lido degli Estensi - Comacchio ITA"]
[Date "2003.06.07"]
[Round "2"]
[White "Miladinovic, Igor"]
[Black "Mrdja, Milan"]
[Result "1-0"]
[WhiteElo "2533"]
[BlackElo "2353"]
[PlyCount "61"]
[EventDate "2003.06.06"]

1. d4 c5 2. d5 e6 3. Nc3 Nf6 4. e4 exd5 5. e5 Ng8 6. Nxd5 Nc6 7. Nf3 Nge7 8.
Bg5 h6 9. Bf4 Nxd5 10. Qxd5 Be7 11. Qe4 Qb6 12. Bc4 Qxb2 13. O-O Nd4 14. Rad1
Ne6 15. Bc1 Qb6 16. c3 Qc7 17. Rfe1 Rb8 18. Nh4 Bxh4 19. Qxh4 b5 20. Bd3 b4 21.
c4 Bb7 22. f4 Qc6 23. Qf2 g6 24. Bb2 Rg8 25. Be4 Qc7 26. Bd5 Ng7 27. e6 Nxe6
28. Be5 d6 29. Bxd6 Qxd6 30. Bxe6 Qb6 31. Bxf7+ 1-0

[Event "IV Festival A"]
[Site "Lido degli Estensi - Comacchio ITA"]
[Date "2003.06.07"]
[Round "2"]
[White "Muscolino, Attilio"]
[Black "Wohl, Aleksandar H."]
[Result "0-1"]
[WhiteElo "2155"]
[BlackElo "2401"]
[PlyCount "70"]
[EventDate "2003.06.06"]

1. e4 g6 2. d4 Bg7 3. Bc4 e6 4. Nf3 a6 5. a4 d5 6. exd5 exd5 7. Be2 Nf6 8. O-O
O-O 9. Re1 Ne4 10. h3 c5 11. Be3 Nc6 12. c3 Qb6 13. Qc1 cxd4 14. a5 dxc3 15.
bxc3 Qd8 16. Rd1 Be6 17. Ra4 Qe7 18. Nd4 Rac8 19. Qb2 Rc7 20. Bf4 Ne5 21. Be3
Rfc8 22. Rb4 Nd6 23. Nxe6 fxe6 24. Bd4 Nec4 25. Qa1 Bxd4 26. cxd4 Ne4 27. Rb3
Rf8 28. Bf3 Qh4 29. Qa2 Rcf7 30. Rbd3 Ng5 31. Qe2 Nxf3+ 32. Rxf3 Rxf3 33. gxf3
Qxh3 34. Rd3 Rf4 35. Qf1 Qxf1+ 0-1

[Event "IV Festival A"]
[Site "Lido degli Estensi - Comacchio ITA"]
[Date "2003.06.07"]
[Round "2"]
[White "Naumkin, Igor"]
[Black "Franchini, Gabriele"]
[Result "1-0"]
[WhiteElo "2431"]
[BlackElo "2178"]
[PlyCount "91"]
[EventDate "2003.06.06"]

1. d4 Nf6 2. Nf3 e6 3. c4 c5 4. d5 b5 5. Bg5 exd5 6. cxd5 h6 7. Bxf6 Qxf6 8.
Qc2 d6 9. e4 a6 10. a4 b4 11. Nbd2 Nd7 12. Be2 g6 13. O-O Bg7 14. Nc4 a5 15.
Rad1 O-O 16. Rd2 Ba6 17. Ne3 Bxe2 18. Rxe2 Nb6 19. Rb1 h5 20. Nd2 Bh6 21. Nec4
Nd7 22. Nb3 Ra6 23. g3 Ne5 24. Nxe5 Qxe5 25. f4 Qe7 26. Nd2 Qb7 27. b3 Bg7 28.
Qd3 Bd4+ 29. Kg2 f5 30. Nf3 Raa8 31. Nxd4 cxd4 32. Qxd4 fxe4 33. Rxe4 Rae8 34.
Rbe1 Qf7 35. Re6 Rxe6 36. dxe6 Qb7+ 37. Kg1 Qc6 38. e7 Re8 39. Qf6 Kh7 40. Qf7+
Kh6 41. Qf8+ Kh7 42. Qf7+ Kh6 43. Re6 Qc1+ 44. Kg2 Qd2+ 45. Kh3 Qc2 46. f5 1-0

[Event "IV Festival A"]
[Site "Lido degli Estensi - Comacchio ITA"]
[Date "2003.06.07"]
[Round "2"]
[White "Pavlovic, Milos"]
[Black "Cioara, Andrei Nestor"]
[Result "0-1"]
[WhiteElo "2570"]
[BlackElo "2386"]
[PlyCount "58"]
[EventDate "2003.06.06"]

1. e4 e6 2. d4 d5 3. Nd2 Nf6 4. e5 Nfd7 5. c3 c5 6. f4 Nc6 7. Ndf3 cxd4 8. cxd4
Qb6 9. a3 f6 10. Bd3 Be7 11. Bc2 a5 12. Ne2 O-O 13. Qd3 f5 14. Ng5 Ndb8 15. h4
Bd7 16. g4 Na6 17. gxf5 exf5 18. Qf3 Nc7 19. Qb3 Qxb3 20. Bxb3 a4 21. Ba2 h6
22. Nf3 b5 23. Bd2 b4 24. axb4 Rfb8 25. O-O Bxb4 26. Nc3 Be6 27. Rfc1 a3 28.
bxa3 Bxa3 29. Rc2 Bb4 0-1

[Event "IV Festival A"]
[Site "Lido degli Estensi - Comacchio ITA"]
[Date "2003.06.07"]
[Round "2"]
[White "Roeder, Matthias"]
[Black "Ronchetti, Niccolo'"]
[Result "1-0"]
[WhiteElo "2447"]
[BlackElo "2224"]
[PlyCount "93"]
[EventDate "2003.06.06"]

1. d4 Nf6 2. c4 e6 3. Nf3 c5 4. d5 b5 5. Bg5 Qa5+ 6. Qd2 Qxd2+ 7. Nfxd2 bxc4 8.
Bxf6 gxf6 9. Nc3 Bb7 10. e4 Rg8 11. Nxc4 f5 12. Na5 Ba6 13. exf5 exf5 14. g3 f4
15. O-O-O Bxf1 16. Rhxf1 d6 17. Kc2 Na6 18. a3 Kd7 19. Nc4 Nc7 20. Ne4 Be7 21.
Nxc5+ dxc5 22. d6 Bg5 23. dxc7+ Kxc7 24. Rd5 Be7 25. Re1 Rae8 26. Rf5 fxg3 27.
hxg3 f6 28. Rh5 Rg7 29. Ne3 Kd7 30. Reh1 Rh8 31. Nf5 Rf7 32. Rd1+ Kc6 33. Re1
Bd6 34. Re6 Rd8 35. Kc3 Kc7 36. Nxd6 Rxd6 37. Rxc5+ Kb6 38. Rxd6+ Kxc5 39. Rd4
f5 40. b4+ Kc6 41. Kc4 Rc7 42. Rd5 Rg7 43. Rc5+ Kb6 44. Kd4 f4 45. g4 Rd7+ 46.
Ke4 f3 47. Rf5 1-0

[Event "IV Festival A"]
[Site "Lido degli Estensi - Comacchio ITA"]
[Date "2003.06.07"]
[Round "2"]
[White "Rotstein, Arkadij"]
[Black "Isonzo, David"]
[Result "1/2-1/2"]
[WhiteElo "2514"]
[BlackElo "2340"]
[PlyCount "61"]
[EventDate "2003.06.06"]

1. Nf3 Nf6 2. c4 g6 3. b4 Bg7 4. Bb2 O-O 5. e3 d6 6. d4 Nbd7 7. Be2 e5 8. dxe5
Ng4 9. O-O Ndxe5 10. Nxe5 Nxe5 11. Nc3 a5 12. a3 Be6 13. Qb3 Re8 14. Rac1 axb4
15. axb4 c6 16. f4 Ng4 17. Bxg4 Bxg4 18. e4 b5 19. cxb5 Be6 20. Qc2 cxb5 21.
Qf2 Bc4 22. Rfe1 Qd7 23. Rcd1 Qa7 24. Qxa7 Rxa7 25. Rxd6 Bf8 26. Rc6 Bxb4 27.
Rd1 Ba3 28. Ba1 Bb4 29. Nd5 Bxd5 30. exd5 Bf8 31. d6 1/2-1/2

[Event "IV Festival A"]
[Site "Lido degli Estensi - Comacchio ITA"]
[Date "2003.06.07"]
[Round "2"]
[White "Sarno, Spartaco"]
[Black "Bordi, Kevin"]
[Result "1/2-1/2"]
[WhiteElo "2425"]
[BlackElo "2173"]
[PlyCount "56"]
[EventDate "2003.06.06"]

1. c4 e5 2. Nc3 Nc6 3. g3 f5 4. Bg2 Nf6 5. e3 g6 6. Nge2 Bg7 7. d3 O-O 8. O-O
d6 9. Rb1 a5 10. a3 Ne7 11. b4 axb4 12. axb4 Rb8 13. b5 Be6 14. Ba3 Re8 15. Qb3
Qd7 16. Nd5 Nexd5 17. cxd5 Bf7 18. Rfc1 Rec8 19. Nc3 f4 20. e4 fxg3 21. hxg3 b6
22. Nd1 h5 23. Rc6 h4 24. gxh4 Be8 25. Ne3 Nh5 26. Qd1 Nf4 27. Rbc1 Qd8 28. h5
Bxc6 1/2-1/2

[Event "IV Festival A"]
[Site "Lido degli Estensi - Comacchio ITA"]
[Date "2003.06.07"]
[Round "2"]
[White "Scalcione, Michelangelo"]
[Black "Gardini, Enrico"]
[Result "1-0"]
[WhiteElo "2366"]
[BlackElo "1560"]
[PlyCount "77"]
[EventDate "2003.06.06"]

1. Nf3 d5 2. d4 Nf6 3. c4 e6 4. Nc3 Be7 5. Bg5 O-O 6. e3 h6 7. Bf4 Bd6 8. Ne5
c6 9. Qf3 Nfd7 10. Nxd7 Qxd7 11. O-O-O Qe7 12. Bxd6 Qxd6 13. e4 Rd8 14. e5 Qe7
15. h4 Nd7 16. cxd5 exd5 17. Qe3 Nf8 18. f4 Bf5 19. Be2 Qe6 20. Bf3 Bg4 21. Qe2
Bxf3 22. Qxf3 f5 23. h5 Qf7 24. Kb1 Ne6 25. Rhf1 Rf8 26. Rd3 Kh7 27. Qd1 Qe7
28. Ne2 Rf7 29. g4 Raf8 30. Ng3 fxg4 31. f5 Ng5 32. Qxg4 Qb4 33. a3 Qa5 34. Rc3
Kh8 35. Rc2 Qb6 36. Rf4 Ne6 37. fxe6 Rxf4 38. e7 Rxg4 39. exf8=Q+ 1-0

[Event "IV Festival A"]
[Site "Lido degli Estensi - Comacchio ITA"]
[Date "2003.06.07"]
[Round "2"]
[White "Thompson, Ian D."]
[Black "Sautto, Alessandra"]
[Result "1-0"]
[WhiteElo "2290"]
[BlackElo "1993"]
[PlyCount "65"]
[EventDate "2003.06.06"]

1. c4 e6 2. g3 d5 3. Nf3 Nf6 4. Bg2 dxc4 5. Qa4+ Nbd7 6. Qxc4 c5 7. O-O b6 8.
b4 Bb7 9. bxc5 Bxc5 10. d4 Be7 11. Nc3 Rc8 12. Qd3 Nd5 13. Nxd5 Bxd5 14. Bf4
Bc4 15. Qd2 O-O 16. Rfc1 b5 17. e4 a5 18. h4 Nf6 19. Ne5 Bd6 20. Rc2 Bxe5 21.
Bxe5 Ng4 22. Bf4 Nf6 23. Rac1 a4 24. Bg5 Qd7 25. f3 Kh8 26. Be3 Rfd8 27. Bf1
Bxf1 28. Kxf1 Rxc2 29. Qxc2 Ne8 30. e5 Qd5 31. Ke2 f6 32. Qc5 Qxa2+ 33. Rc2 1-0

[Event "IV Festival A"]
[Site "Lido degli Estensi - Comacchio ITA"]
[Date "2003.06.07"]
[Round "2"]
[White "Tomescu, Vlad"]
[Black "De Vita, Igor"]
[Result "1-0"]
[WhiteElo "2412"]
[BlackElo "2158"]
[PlyCount "73"]
[EventDate "2003.06.06"]

1. e4 Nf6 2. e5 Nd5 3. d4 d6 4. Nf3 Bg4 5. Be2 c6 6. O-O Bxf3 7. Bxf3 dxe5 8.
dxe5 e6 9. Nd2 Nd7 10. Re1 Qc7 11. Nc4 N7b6 12. Qe2 Nxc4 13. Qxc4 Nb6 14. Qe4
Be7 15. Qg4 g6 16. a3 h5 17. Qe4 O-O-O 18. b4 Na4 19. c4 Rd7 20. Qc2 Nb6 21.
Rb1 Rhd8 22. Be3 c5 23. Qe4 Kb8 24. Rec1 Qc8 25. g3 Rc7 26. b5 Qd7 27. Be2 Qe8
28. Ra1 Nc8 29. h4 f5 30. Qg2 Bf8 31. f4 Ne7 32. a4 Ng8 33. a5 Rcc8 34. a6 Qf7
35. axb7 Qxb7 36. Bf3 Qc7 37. b6 1-0

[Event "IV Festival A"]
[Site "Lido degli Estensi - Comacchio ITA"]
[Date "2003.06.09"]
[Round "3"]
[White "Barletta, Antonio"]
[Black "Grigore, Nicolae Petre"]
[Result "0-1"]
[WhiteElo "2070"]
[BlackElo "2370"]
[PlyCount "104"]
[EventDate "2003.06.06"]

1. e4 c5 2. Nf3 d6 3. d4 cxd4 4. Nxd4 Nf6 5. Nc3 a6 6. Bg5 e6 7. f4 Qc7 8. Bxf6
gxf6 9. Qf3 b5 10. a3 Bb7 11. O-O-O Nd7 12. Qh5 Nc5 13. f5 e5 14. Ne6 Qb6 15.
Bd3 Rc8 16. Nxc5 Rxc5 17. Qh4 Be7 18. Qf2 Bd8 19. g4 Rg8 20. Rhg1 Rxc3 21. Qxb6
Bxb6 22. bxc3 Bxg1 23. Rxg1 h5 24. h3 Ke7 25. Kb2 hxg4 26. hxg4 d5 27. exd5
Bxd5 28. a4 Kd6 29. axb5 axb5 30. Be2 Kc5 31. Ra1 Ra8 32. Rg1 Ra2+ 33. Kb1 Ra4
34. g5 fxg5 35. Rxg5 Re4 36. Bd3 Re1+ 37. Kb2 e4 38. f6 exd3 39. cxd3 Re2+ 40.
Kc1 Kd6 41. Kd1 Rf2 42. c4 bxc4 43. dxc4 Bxc4 44. Rg8 Rxf6 45. Kd2 Rf3 46. Re8
f5 47. Ke1 f4 48. Rc8 Kd5 49. Ra8 Ke4 50. Re8+ Kd4 51. Ra8 Kc3 52. Rc8 Rf1# 0-1

[Event "IV Festival A"]
[Site "Lido degli Estensi - Comacchio ITA"]
[Date "2003.06.09"]
[Round "3"]
[White "Blagojevic, Dragisa"]
[Black "Voltolini, Giuseppe"]
[Result "1-0"]
[WhiteElo "2548"]
[BlackElo "2264"]
[PlyCount "87"]
[EventDate "2003.06.06"]

1. d4 Nf6 2. c4 e6 3. g3 c5 4. Nf3 cxd4 5. Nxd4 Nc6 6. Bg2 Bc5 7. Nb3 Bb4+ 8.
Nc3 d5 9. cxd5 Nxd5 10. Qc2 Nxc3 11. bxc3 Be7 12. O-O O-O 13. Bxc6 bxc6 14. Bf4
c5 15. Rfd1 Qb6 16. Rab1 Rd8 17. Nd4 Qa6 18. Qe4 Bd7 19. Nf5 Bf6 20. Nh6+ gxh6
21. Rxd7 Rxd7 22. Qxa8+ Rd8 23. Qf3 Qxa2 24. Rb7 Qa1+ 25. Kg2 Qxc3 26. Qh5 Rf8
27. Bd6 Qd4 28. Bxf8 Qe4+ 29. Qf3 Qxf3+ 30. Kxf3 Kxf8 31. Rxa7 c4 32. Ke4 Bb2
33. Rc7 c3 34. f4 h5 35. f5 exf5+ 36. Kxf5 h6 37. Ke4 Kg7 38. Rc6 Kf8 39. Kd3
Kg7 40. Kc2 Kh7 41. Kd3 Kg7 42. Ke4 Kf8 43. Ke3 Ba1 44. Rxh6 1-0

[Event "IV Festival A"]
[Site "Lido degli Estensi - Comacchio ITA"]
[Date "2003.06.09"]
[Round "3"]
[White "Bordi, Kevin"]
[Black "Rotstein, Arkadij"]
[Result "0-1"]
[WhiteElo "2173"]
[BlackElo "2514"]
[PlyCount "124"]
[EventDate "2003.06.06"]

1. e4 c5 2. Nf3 e6 3. d4 cxd4 4. Nxd4 Nf6 5. Nc3 d6 6. g4 Nc6 7. g5 Nd7 8. Be3
Be7 9. f4 O-O 10. h4 a6 11. Qf3 Nxd4 12. Bxd4 b5 13. O-O-O b4 14. Ne2 Bb7 15.
g6 fxg6 16. Qb3 d5 17. Bh3 Nc5 18. Bxc5 Bxc5 19. Bxe6+ Kh8 20. Bxd5 Qe7 21. e5
Rad8 22. c4 Bc8 23. Nd4 Bxd4 24. Rxd4 Qc5 25. Rhd1 Bf5 26. Qf3 a5 27. b3 a4 28.
bxa4 b3 29. axb3 Qa3+ 30. Kd2 Rb8 31. c5 Qxc5 32. Qc3 Qe7 33. Kc1 Rbc8 34. Bc4
Qxh4 35. Kb2 Be6 36. Qb4 Bxc4 37. Rxc4 Rb8 38. Qd2 g5 39. e6 gxf4 40. Rf1 Qh3
41. Qd1 Rxb3+ 42. Qxb3 Qxf1 43. Qb4 Qe2+ 44. Ka3 Rd8 45. Qd6 Qf3+ 46. Ka2 Qg2+
47. Ka1 Qh1+ 48. Ka2 Qa8 49. Qxf4 Qb7 50. Rb4 Qd5+ 51. Qc4 Qe5 52. Rb2 Qd6 53.
Re2 Qe7 54. a5 h6 55. Qf4 Ra8 56. Qa4 Ra6 57. Qd7 Rxa5+ 58. Kb3 Qa3+ 59. Kc4
Rc5+ 60. Kd4 Qc3+ 61. Ke4 Re5+ 62. Kf4 Rxe2 0-1

[Event "IV Festival A"]
[Site "Lido degli Estensi - Comacchio ITA"]
[Date "2003.06.09"]
[Round "3"]
[White "Borgo, Giulio"]
[Black "Chabanon, Jean-Luc"]
[Result "1-0"]
[WhiteElo "2425"]
[BlackElo "2492"]
[PlyCount "103"]
[EventDate "2003.06.06"]

1. Nf3 Nf6 2. g3 d5 3. c4 d4 4. b4 g6 5. Qa4+ Bd7 6. Qb3 c5 7. Bg2 Bg7 8. d3
O-O 9. O-O a6 10. Ne5 Nc6 11. Nxd7 Nxd7 12. bxc5 Nxc5 13. Qa3 Qd6 14. Nd2 a5
15. Ne4 Nxe4 16. Bxe4 Qb4 17. Qb2 Qxb2 18. Bxb2 Rfd8 19. Rfb1 Rd7 20. Bc1 Nd8
21. Rb5 e6 22. Rab1 Ra7 23. a4 f5 24. Bf3 Bf8 25. Bd2 Nc6 26. Rb6 Nb4 27. Rxe6
Kf7 28. Re5 b6 29. g4 Bd6 30. Bd5+ Kg7 31. Re8 Nxd5 32. cxd5 Bc5 33. gxf5 Rxd5
34. fxg6 hxg6 35. Bf4 g5 36. Bg3 Kf7 37. Re4 Rad7 38. Kg2 Bb4 39. Kf3 Bc5 40.
Kg4 Re7 41. Rxe7+ Kxe7 42. f4 gxf4 43. Bxf4 Kf7 44. h4 Rd8 45. h5 Rg8+ 46. Kf3
Kf6 47. Rh1 Rh8 48. Rh2 Kf5 49. Rh1 b5 50. axb5 a4 51. h6 a3 52. Rh5+ 1-0

[Event "IV Festival A"]
[Site "Lido degli Estensi - Comacchio ITA"]
[Date "2003.06.09"]
[Round "3"]
[White "Cioara, Andrei Nestor"]
[Black "Roeder, Matthias"]
[Result "1/2-1/2"]
[WhiteElo "2386"]
[BlackElo "2447"]
[PlyCount "28"]
[EventDate "2003.06.06"]

1. e4 c5 2. Nf3 d6 3. d4 cxd4 4. Nxd4 Nf6 5. Nc3 a6 6. Be3 e5 7. Nf3 Qc7 8. a4
Be7 9. a5 O-O 10. Ra4 Nc6 11. Bb6 Qd7 12. Nd2 d5 13. exd5 Nxd5 14. Nxd5 Qxd5
1/2-1/2

[Event "IV Festival A"]
[Site "Lido degli Estensi - Comacchio ITA"]
[Date "2003.06.09"]
[Round "3"]
[White "Crippa, Gabriele"]
[Black "Pavlovic, Milos"]
[Result "0-1"]
[WhiteElo "2120"]
[BlackElo "2570"]
[PlyCount "78"]
[EventDate "2003.06.06"]

1. d4 Nf6 2. Nf3 g6 3. Bf4 d6 4. h3 c5 5. e3 Qb6 6. Qc1 Nc6 7. c3 Bg7 8. Nbd2
O-O 9. Be2 Nd5 10. Bg5 cxd4 11. exd4 e5 12. dxe5 dxe5 13. O-O Qc7 14. Nb3 f6
15. Bd2 Kh8 16. Bb5 Bf5 17. Re1 Rac8 18. a4 g5 19. a5 Rg8 20. Ra4 a6 21. Bf1
Qf7 22. Nc5 Nd8 23. Ne4 Qd7 24. Rc4 Ne6 25. Rxc8 Rxc8 26. Qd1 Rd8 27. Qb3 Bxe4
28. Rxe4 Nc5 29. Qc2 Nxe4 30. Qxe4 Ne7 31. b4 h6 32. Be3 f5 33. Qc4 Nd5 34. Bc5
Nf4 35. Bb6 Rc8 36. Bc5 Ne6 37. Qe2 e4 38. Nd4 Nxc5 39. bxc5 Rxc5 0-1

[Event "IV Festival A"]
[Site "Lido degli Estensi - Comacchio ITA"]
[Date "2003.06.09"]
[Round "3"]
[White "Drasko, Milan"]
[Black "Brumen, Dinko"]
[Result "1-0"]
[WhiteElo "2491"]
[BlackElo "2371"]
[PlyCount "67"]
[EventDate "2003.06.06"]

1. Nf3 Nf6 2. g3 d5 3. Bg2 e6 4. c4 Be7 5. O-O O-O 6. b3 c5 7. Bb2 Nc6 8. e3 b6
9. Nc3 Bb7 10. cxd5 Nxd5 11. Nxd5 exd5 12. d4 Rc8 13. dxc5 bxc5 14. Ne5 Nxe5
15. Bxe5 Bf6 16. Bxf6 Qxf6 17. Bxd5 Rfd8 18. e4 Bxd5 19. exd5 Qf5 20. Rc1 Rxd5
21. Qc2 Qh3 22. Rfd1 Rh5 23. f4 g6 24. Qe2 Rb8 25. Rc3 Rb4 26. Rcd3 c4 27. Rd7
Qf5 28. g4 Qc5+ 29. Kg2 Rh4 30. R1d5 Rxg4+ 31. Qxg4 Qe3 32. Re5 Qb6 33. Re8+
Kg7 34. Rxf7+ 1-0

[Event "IV Festival A"]
[Site "Lido degli Estensi - Comacchio ITA"]
[Date "2003.06.09"]
[Round "3"]
[White "Emami, Madjid"]
[Black "Shytaj, Luca"]
[Result "0-1"]
[WhiteElo "2031"]
[BlackElo "2327"]
[PlyCount "73"]
[EventDate "2003.06.06"]

1. Nf3 Nf6 2. g3 g6 3. Bg2 Bg7 4. O-O O-O 5. d3 d6 6. e4 c5 7. Nbd2 Nc6 8. c3
e5 9. Qe2 b6 10. Ne1 Bb7 11. f4 d5 12. f5 gxf5 13. Rxf5 Bc8 14. Rxf6 Qxf6 15.
exd5 Nd8 16. Ne4 Qg6 17. Bf3 h6 18. Bh5 Qh7 19. Nf3 Nb7 20. Nh4 f5 21. Ng6 Re8
22. Nf2 Nd6 23. Bd2 Bf6 24. Re1 Qg7 25. c4 Bd7 26. Qf3 Nf7 27. h4 Kh7 28. g4
Rg8 29. Kh1 Nd6 30. g5 Bd8 31. gxh6 Qxg6 32. Bxg6+ Rxg6 33. h5 Rg8 34. Rxe5 Bf6
35. Re1 Nf7 36. Nh3 Ne5 37. Qf1 0-1

[Event "IV Festival A"]
[Site "Lido degli Estensi - Comacchio ITA"]
[Date "2003.06.09"]
[Round "3"]
[White "Frilli, Guido"]
[Black "Aldrovandi, Antonio"]
[Result "0-1"]
[WhiteElo "1963"]
[BlackElo "2220"]
[PlyCount "120"]
[EventDate "2003.06.06"]

1. e4 d5 2. exd5 Qxd5 3. Nc3 Qa5 4. Bc4 Nf6 5. d3 c6 6. Bd2 Qb6 7. Nf3 e6 8.
Rb1 Be7 9. O-O O-O 10. Re1 Qc7 11. Qe2 a5 12. a4 Na6 13. Ne5 Nb4 14. Bf4 Qd8
15. Bg3 Nbd5 16. Ne4 Nd7 17. f4 Nc5 18. Nxc5 Bxc5+ 19. Kh1 f6 20. Nf3 Kh8 21.
Qe4 Bd6 22. Ng1 Qc7 23. Nh3 Bd7 24. d4 g6 25. c3 Rae8 26. Rbd1 Kg7 27. Bb3 b6
28. Rf1 Bc8 29. Qd3 Bb7 30. Rde1 c5 31. dxc5 bxc5 32. Bd1 Bc6 33. Qc2 c4 34.
Bg4 f5 35. Bd1 h6 36. Qd2 Nf6 37. Qd4 Bd5 38. Bf3 Bc5 39. Qe5 Bd6 40. Qd4 Bc5
41. Qe5 Qxe5 42. fxe5 Ne4 43. Bf4 Rb8 44. Bc1 g5 45. Rd1 Rfd8 46. Rde1 Bc6 47.
Re2 Rb7 48. Ree1 Rbd7 49. Be2 Nd2 50. Bxd2 Rxd2 51. Bf3 Bxf3 52. gxf3 Rxb2 53.
Rd1 Rd3 54. Rb1 Rb3 55. Rfd1 Kf7 56. Kg2 Rxd1 57. Rxd1 Rb2+ 58. Kh1 Ke7 59. Ng1
g4 60. fxg4 fxg4 0-1

[Event "IV Festival A"]
[Site "Lido degli Estensi - Comacchio ITA"]
[Date "2003.06.09"]
[Round "3"]
[White "Isonzo, David"]
[Black "Cebalo, Miso"]
[Result "0-1"]
[WhiteElo "2340"]
[BlackElo "2524"]
[PlyCount "108"]
[EventDate "2003.06.06"]

1. e4 c5 2. Nf3 d6 3. d4 Nf6 4. Nc3 cxd4 5. Nxd4 g6 6. Be3 Bg7 7. f3 O-O 8. Qd2
Nc6 9. Bc4 Bd7 10. O-O-O Qa5 11. Kb1 Rfc8 12. Bb3 Ne5 13. h4 Nc4 14. Bxc4 Rxc4
15. Nb3 Qc7 16. Bd4 Be6 17. h5 Rc8 18. hxg6 hxg6 19. g4 a5 20. a4 b5 21. Nxb5
Qb8 22. Nc3 Rb4 23. Nd5 Bxd5 24. exd5 Rxa4 25. g5 Rxd4 26. Qxd4 Nd7 27. Qf4 Nc5
28. Rh7 Nxb3 29. Rxg7+ Kxg7 30. cxb3 Qb4 31. Qe3 Rc7 32. f4 a4 33. bxa4 Rc4 34.
f5 Re4 35. f6+ exf6 36. gxf6+ Kxf6 37. Rf1+ Kg7 38. Qf2 f5 39. Qa7+ Kf6 40. Qd7
Re7 41. Qc6 Re2 42. Qc3+ Qxc3 43. bxc3 g5 44. a5 g4 45. a6 Re7 46. Kc2 Ra7 47.
Ra1 Ke5 48. c4 Kd4 49. Rf1 g3 50. Rxf5 Rg7 51. a7 g2 52. a8=Q g1=Q 53. Qh8 Ke4
54. Qh5 Rg2+ 0-1

[Event "IV Festival A"]
[Site "Lido degli Estensi - Comacchio ITA"]
[Date "2003.06.09"]
[Round "3"]
[White "Khenkin, Igor"]
[Black "Manca, Federico"]
[Result "1-0"]
[WhiteElo "2644"]
[BlackElo "2350"]
[PlyCount "77"]
[EventDate "2003.06.06"]

1. d4 d5 2. c4 e6 3. Nf3 c5 4. cxd5 exd5 5. g3 Nc6 6. Bg2 Nf6 7. O-O Be7 8. Nc3
O-O 9. Bg5 cxd4 10. Nxd4 h6 11. Be3 Bg4 12. Qa4 Qd7 13. Bxd5 Nxd4 14. Qxd4 Rad8
15. Rfd1 Qf5 16. f3 Bh3 17. g4 Qc8 18. Rac1 b6 19. Qc4 Qb8 20. Bf4 Bd6 21. Bxd6
Rxd6 22. Qf4 Nxd5 23. Rxd5 Rxd5 24. Qxb8 Rxb8 25. Nxd5 h5 26. gxh5 Be6 27. e4
Bxd5 28. exd5 Rd8 29. Rd1 Kf8 30. d6 Ke8 31. Kf2 Kd7 32. Kg3 Rc8 33. Rd5 Rc5
34. Rxc5 bxc5 35. Kf4 Kxd6 36. Kg5 Ke5 37. f4+ Kd4 38. f5 f6+ 39. Kg6 1-0

[Event "IV Festival A"]
[Site "Lido degli Estensi - Comacchio ITA"]
[Date "2003.06.09"]
[Round "3"]
[White "Kohlweyer, Bernd"]
[Black "Scalcione, Michelangelo"]
[Result "1-0"]
[WhiteElo "2454"]
[BlackElo "2366"]
[PlyCount "73"]
[EventDate "2003.06.06"]

1. d4 Nf6 2. c4 g6 3. Nc3 Bg7 4. e4 d6 5. Nge2 O-O 6. Bg5 h6 7. Bf4 Nc6 8. d5
e5 9. Be3 Ne7 10. f3 c6 11. Qd2 h5 12. O-O-O cxd5 13. cxd5 Bd7 14. Kb1 b5 15.
Nc1 b4 16. N3e2 a5 17. Nd3 Qb8 18. Rc1 Qb7 19. Rc2 Rfc8 20. Rxc8+ Rxc8 21. Nec1
Nfxd5 22. exd5 Nxd5 23. Nf2 f5 24. Ba6 Nc3+ 25. bxc3 Qxa6 26. cxb4 Rb8 27. Qd5+
Kh7 28. Bd2 axb4 29. Nh3 Ra8 30. Ng5+ Kh8 31. Qxd6 b3 32. Qxa6 Rxa6 33. Nxb3
Bb5 34. Bc3 Bd3+ 35. Kb2 Bf6 36. Nf7+ Kh7 37. Nxe5 1-0